The battailes of Crescey and Poictiers : vnder the fortunes and valour of King Edward the third of that name, and his sonne Edward Prince of Wales, named the Black. By Charles Aleyn.

Bibliographic Details
Main Author: Aleyn, Charles, d. 1640
Format: eBook
Language:English
Published: London : Printed by Thomas Harper, for Thomas Knight, and are to be sold at his shop in Pauls Church-yard, at the Holy-lamb, 1633.
Edition:The second edition, enlarged.
Series:Early English books online.
Subjects:
Online Access:Connect to the full text of this electronic book

MARC

Tag First Indicator Second Indicator Subfields
LEADER 00000nam a2200000 4500
001 in00004226708
005 20200806094303.0
006 m g d
007 cr bn |||a|bb|
008 900821s1633 enk o 00| | eng d
035 |a (UnM)99835993 
037 |a CL0036000023  |b ProQuest. 789 E. Eisenhower Parkway, Ann Arbor, MI 48108-3218 
040 |a Cu-RivES  |c Cu-RivES  |d CStRLIN  |e dcrb  |d WaOLN 
100 1 |a Aleyn, Charles,  |d d. 1640. 
245 0 4 |a The battailes of Crescey and Poictiers :  |b vnder the fortunes and valour of King Edward the third of that name, and his sonne Edward Prince of Wales, named the Black. By Charles Aleyn. 
246 2 |a Bataile of Poictiers under the fortunes of Edward, sirnamed the Black. 
250 |a The second edition, enlarged. 
260 |a London :  |b Printed by Thomas Harper, for Thomas Knight, and are to be sold at his shop in Pauls Church-yard, at the Holy-lamb,  |c 1633. 
300 |a 1 online resource ([14], 125, [1] pages) 
336 |a text  |b txt  |2 rdacontent 
337 |a computer  |b c  |2 rdamedia 
338 |a online resource  |b cr  |2 rdacarrier 
500 |a In verse. 
500 |a Author statement follows edition statement on title page. 
500 |a Caption title, page 65, reads: The battaile of Poictiers under the fortunes of Edward, sirnamed the Black. 
500 |a Reproduction of the original in the Henry E. Huntington Library and Art Gallery. 
510 4 |a STC (2nd edition)  |c 352. 
533 |a Electronic reproduction.  |b Ann Arbor, Mich. :  |c UMI,  |d 1999-  |f (Early English books online)  |n Digital version of: (Early English Books, 1475-1640 ; 818:16)  |7 s1999 miun s 
600 0 0 |a Edward  |b III,  |c King of England,  |d 1312-1377  |v Poetry. 
650 0 |a Crécy, Battle of, 1346  |v Poetry. 
650 0 |a Poitiers, Battle of, 1356  |v Poetry. 
830 0 |a Early English books online. 
856 4 0 |u http://proxy.library.tamu.edu/login?url=https://search.proquest.com/docview/2240882735  |z Connect to the full text of this electronic book  |t 0 
999 f f |s bd14c1aa-cb7b-3fa0-a820-47d59abc92de  |i 20d1781d-0531-3187-8d71-d1f9a8069112  |t 0 
952 f f |a Texas A&M University  |b College Station  |c Electronic Resources  |d Available Online  |t 0  |h No information provided 
998 f f |t 0  |l Available Online